Mathematics for class 11 part 1 / (Record no. 41818)

MARC details
000 -LEADER
fixed length control field 00801nam a22002297a 4500
005 - DATE AND TIME OF LATEST TRANSACTION
control field 20100814095637.0
010 ## - LCCN (DPL NO)
LC control number ENG-100425
020 ## - INTERNATIONAL STANDARD BOOK NUMBER
Terms of availability 140.00
International Standard Book Number 9788177099799
035 ## - SYSTEM CONTROL NUMBER
System control number EN-83958
037 ## - SOURCE OF ACQUISITION
Stock number DBAD/PUB
082 ## - DEWEY DECIMAL CLASSIFICATION NUMBER
Classification number 510
100 ## - MAIN ENTRY--PERSONAL NAME
Personal name Gupta, Asit Das
245 ## - TITLE STATEMENT
Title Mathematics for class 11 part 1 /
Remainder of title by Asit Das Gupta, Surya Bhusan Prashad [and] Shyam Narayan Thakur
250 ## - EDITION STATEMENT
Edition statement 3rd ed.
260 ## - PUBLICATION, DISTRIBUTION, ETC. (IMPRINT)
Place of publication, distribution, etc New Delhi
Name of publisher, distributor, etc Bharti Bhawan
Date of publication, distribution, etc 2010
270 ## - ADDRESS
Address 4271/3 Ansari Road, Daryaganj
City New Delhi
Postal code 110002
300 ## - PHYSICAL DESCRIPTION
Extent verious pegings
Dimensions 22cm (Pbk)
700 ## - ADDED ENTRY--PERSONAL NAME
9 (RLIN) 12834
Personal name Surya Bhusan Prashad
700 ## - ADDED ENTRY--PERSONAL NAME
Personal name Thakur, Shyam Narayan
9 (RLIN) 13135
942 ## - ADDED ENTRY ELEMENTS (KOHA)
Source of classification or shelving scheme Dewey Decimal Classification
Item type English Books
Classification part 510
Call number suffix GUP
Holdings
Withdrawn status Lost status Not for loan Collection code Home library Current library Date acquired Cost, normal purchase price Full call number Barcode Copy number Cost, replacement price Koha item type
    Not For Loan Non-fiction D.B.Act.Division D.B.Act.Division 14/08/2010 140.00 510 GUP EN-83958 1 140.00 English Books

© Delhi Public Library
Hit Counter
free hit counter